000 01012nam a2200313 i 4500
001 8883
003 KOSZ 005
005 20191016125448.0
008 070721s1970 pl a f 001 0 pol
015 _aPB 1970/5505
040 _aWA N
_cWA N
_dKOSZ 005/RW
_dKOSZ 005/HR
046 _k1970
080 _a624.1
100 1 _aStamatello, Henryk
_d(1901-1997)
_eAutor
245 1 0 _aTunele i miejskie budowle podziemne /
_cHenryk Stamatello.
260 _aWarszawa :
_bArkady,
_c1970.
300 _a471, [1] s. :
_bil. ;
_c25 cm.
380 _aKsiążki.
388 _a1901-2000
504 _aBibliogr. s. 465-[466]. Indeks.
650 4 _aTunele
658 _aArchitektura i budownictwo
655 4 _aPodręczniki akademickie
650 4 _aBudownictwo podziemne
650 4 _aBudownictwo miejskie
710 2 _aWydawnictwo "Arkady".
_4pbl.
856 _uhttp://koha.tu.koszalin.pl/cgi-bin/koha/opac-detail.pl?biblionumber=8883
_yKatalog online BPK
942 _2UKD
_cKS
999 _c8883
_d8883